000 00629nam a22002055i 4500
001 177848
003 ES-MaACL
005 20230906220429.0
008 110503s2001 sp |||| | spa d
020 _a84-95192-70-5
080 _a821.134.2-14"19"
100 1 _aAlfaro, Rafael.
_919808
245 1 0 _aApuntes de Alarcón /
_cRafael Alfaro.
260 _aCuenca :
_bDiputación Provincial de Cuenca,
_cimp. 2001.
300 _a83 p. ;
_c21 cm.
490 1 _aColección Golfo de Europa. Poesía ;
_v6
830 0 _aColección Golfo de Europa. Poesía ;
_v6
_9190607
852 _aES-MaACL
_j2296-F-13
999 _c177848
_d177848